[Event "Frankfurt Ch 2013"]
[Site "Ffm-Kalbach, LAZ"]
[Date "2013.04.29"]
[Round "1.29"]
[White "Achtmann, Armin"]
[Black "Mehl, Ulrich"]
[Result "1/2-1/2"]
[WhiteElo "1984"]
[BlackElo "1589"]
[PlyCount "110"]
[EventDate "2013.??.??"]
[WhiteTeam "TuS Dotzheim"]
[BlackTeam "TSG Nieder-Erlenbach 1888"]

1. b4 d5 2. Bb2 Nf6 3. Nf3 Bf5 4. e3 e6 5. b5 c6 6. a4 Be7 7. Be2 O-O 8. O-O
Qc7 9. Nh4 Bg6 10. Nxg6 hxg6 11. d3 Nbd7 12. Nd2 Bd6 13. h3 Rac8 14. c4 c5 15.
Qb3 b6 16. a5 Ra8 17. Bf3 Ne5 18. axb6 Nxf3+ 19. Nxf3 dxc4 20. Qxc4 axb6 21.
Ra6 Rxa6 22. bxa6 e5 23. Ra1 Ra8 24. Nd2 Qc6 25. a7 b5 26. Qa2 Nd5 27. Qa6 Qb6
28. Ne4 Bc7 29. Nxc5 Qxa6 30. Rxa6 Nb4 31. Ra1 Nc6 32. Nd7 Rxa7 33. Rxa7 Nxa7
34. Nxe5 Bxe5 35. Bxe5 Nc6 36. Bb2 Nb4 37. Bd4 Nxd3 38. Kf1 f6 39. Ke2 Nb4 40.
Kd2 Kf7 41. e4 Nc6 42. Bc5 Ke6 43. f4 f5 44. e5 g5 45. g3 Kd5 46. Bf8 gxf4 47.
gxf4 g6 48. Kd3 b4 49. Bd6 b3 50. Ba3 Nd4 51. Bb2 Nf3 52. Kc3 Ng1 53. h4 Nh3
54. Bc1 Ng1 55. Ba3 Nh3 1/2-1/2

[Event "Frankfurt Ch 2013"]
[Site "Ffm-Kalbach, LAZ"]
[Date "2013.04.29"]
[Round "1.30"]
[White "Reichel, Rolf"]
[Black "Czech, Ludwig"]
[Result "0-1"]
[WhiteElo "1580"]
[BlackElo "1979"]
[PlyCount "78"]
[EventDate "2013.??.??"]
[WhiteTeam "Sfr. Frankfurt 1921"]
[BlackTeam "VSG 1880 Offenbach"]

1. e4 e6 2. d4 d5 3. Nc3 Bb4 4. Qg4 Kf8 5. e5 c5 6. Be3 Nc6 7. Bd3 Qa5 8. Nge2
c4 9. Bxh7 Rxh7 10. O-O Nh6 11. Bxh6 Rxh6 12. f4 Ne7 13. Rf3 Nf5 14. Rh3 Rxh3
15. Qxh3 Qd8 16. g4 Qh4 17. Qf3 Nh6 18. h3 Bd7 19. Nd1 f5 20. Nf2 Ke7 21. g5
Nf7 22. a4 Nh8 23. a5 Kf8 24. a6 b6 25. c3 Be7 26. b3 Rc8 27. b4 Be8 28. Ng3
Ng6 29. Ne2 Kg8 30. Kh2 Nf8 31. Ng3 Bg6 32. Rg1 b5 33. Ra1 Rb8 34. Nd1 Bf7 35.
Ne3 Ng6 36. Ng2 Qh7 37. Nh5 Nxe5 38. Nf6+ gxf6 39. fxe5 fxg5 0-1

[Event "Frankfurt Ch 2013"]
[Site "Ffm-Kalbach, LAZ"]
[Date "2013.04.29"]
[Round "1.31"]
[White "Willems, Matthias"]
[Black "Bergner, Matthias"]
[Result "1-0"]
[WhiteElo "1970"]
[BlackElo "1574"]
[PlyCount "39"]
[EventDate "2013.??.??"]
[WhiteTeam "SC Bad Nauheim"]
[BlackTeam "SV 1926 Neu-Isenburg"]

1. Nf3 d5 2. c4 dxc4 3. e4 e6 4. Bxc4 Nf6 5. Nc3 c6 6. Qe2 Be7 7. d4 b5 8. Bd3
Bb7 9. O-O Nbd7 10. Bf4 a6 11. e5 Nd5 12. Nxd5 cxd5 13. Rac1 Rc8 14. Rxc8 Bxc8
15. Rc1 h6 16. Bb1 g5 17. Be3 Bb7 18. Ne1 O-O 19. Qd3 f5 20. exf6 1-0

[Event "Frankfurt Ch 2013"]
[Site "Ffm-Kalbach, LAZ"]
[Date "2013.04.29"]
[Round "1.32"]
[White "Günther, Rainer"]
[Black "Orwatsch, Gerhard"]
[Result "1/2-1/2"]
[WhiteElo "1573"]
[BlackElo "1969"]
[PlyCount "131"]
[EventDate "2013.??.??"]
[WhiteTeam "SV Mainz-Mombach"]
[BlackTeam "SC Butzbach 2000"]

1. e4 g6 2. d4 Bg7 3. Nf3 c6 4. Be2 d5 5. e5 Nh6 6. Nbd2 O-O 7. Nf1 f6 8. Ng3
Nf7 9. exf6 exf6 10. O-O Be6 11. Be3 a5 12. Qd2 Re8 13. h4 Nd7 14. Bd3 Nf8 15.
h5 g5 16. Rac1 Nd6 17. b3 Bf7 18. c4 Ne4 19. Bxe4 dxe4 20. Nh2 h6 21. Qe2 Qd7
22. f4 exf3 23. Qxf3 Be6 24. Rcd1 Qf7 25. Ne4 f5 26. Nd6 Qe7 27. Nxe8 Qxe8 28.
d5 Bd7 29. Bd4 Bxd4+ 30. Rxd4 g4 31. Qg3 Qxh5 32. Re1 Qf7 33. Rd2 Ng6 34. d6 f4
35. Qc3 Re8 36. Rde2 Rxe2 37. Rxe2 Qf5 38. c5 h5 39. Qxa5 Kf7 40. Qc3 h4 41.
Qc2 Qxc2 42. Rxc2 Ne5 43. Rc3 Ke6 44. b4 Kd5 45. Ra3 Kc4 46. Ra7 Kxb4 47. Rxb7+
Kxc5 48. a4 Kxd6 49. a5 Bc8 50. Rb8 Kc7 51. Rb4 f3 52. gxf3 g3 53. Nf1 Nxf3+
54. Kg2 Ne1+ 55. Kg1 Ba6 56. Nd2 Bc8 57. Rxh4 Kb7 58. Re4 Nc2 59. Kg2 Ka6 60.
Re5 Na3 61. Kxg3 Nb5 62. Nc4 Nd4 63. Nb6 Be6 64. Na4 Bd5 65. Nc3 Bc4 66. Rc5
1/2-1/2

[Event "Frankfurt Ch 2013"]
[Site "Ffm-Kalbach, LAZ"]
[Date "2013.04.29"]
[Round "1.33"]
[White "Böhle, Reinhard"]
[Black "Zerhusen, Martin"]
[Result "1-0"]
[WhiteElo "1966"]
[BlackElo "1568"]
[PlyCount "49"]
[EventDate "2013.??.??"]
[WhiteTeam "SV Maintal 1934"]
[BlackTeam "SV Oberursel"]

1. e4 e6 2. d4 d5 3. Nc3 dxe4 4. Nxe4 Nf6 5. Ng5 Be7 6. N1f3 Nbd7 7. Bd3 b6 8.
O-O Bb7 9. c3 c5 10. dxc5 Bxc5 11. b4 Be7 12. Nd4 e5 13. Nf5 O-O 14. Qc2 h6 15.
Ne4 Nxe4 16. Bxe4 Bxe4 17. Qxe4 Bf6 18. Rd1 Qc7 19. Rd3 h5 20. Ng3 g6 21. Nxh5
Bg7 22. Nxg7 Kxg7 23. Bg5 Rae8 24. Rad1 Nf6 25. Qh4 1-0

[Event "Frankfurt Ch 2013"]
[Site "Ffm-Kalbach, LAZ"]
[Date "2013.04.29"]
[Round "1.34"]
[White "Staeger, Tim"]
[Black "Gräbner, Walter"]
[Result "1/2-1/2"]
[WhiteElo "1563"]
[BlackElo "1956"]
[PlyCount "72"]
[EventDate "2013.??.??"]
[WhiteTeam "Sfr. Frankfurt 1921"]
[BlackTeam "SC 1961 König Nied"]

1. e4 c6 2. d4 d5 3. exd5 cxd5 4. c4 Nf6 5. Nc3 e6 6. Bg5 Be7 7. Nf3 O-O 8. Bd3
Nc6 9. O-O b6 10. Re1 Bb7 11. a3 Rc8 12. Bxf6 Bxf6 13. cxd5 exd5 14. Rc1 Qd6
15. Qd2 a6 16. b4 Nxd4 17. Nxd4 Bxd4 18. Bxh7+ Kxh7 19. Qxd4 Rc4 20. Qd3+ Qg6
21. Qxg6+ Kxg6 22. Na4 b5 23. Nc5 Bc6 24. Nd3 Re8 25. f4 Rxe1+ 26. Rxe1 Rc2 27.
Ne5+ Kf5 28. Nxc6 Rxc6 29. Re5+ Kxf4 30. Rxd5 f5 31. Rd3 g5 32. Rf3+ Ke4 33. h3
f4 34. Kf2 Rc2+ 35. Kf1 Rc4 36. Ke2 Rc2+ 1/2-1/2

[Event "Frankfurt Ch 2013"]
[Site "Ffm-Kalbach, LAZ"]
[Date "2013.04.29"]
[Round "1.35"]
[White "Kuhn, Gerhard"]
[Black "Jähnert, Wolfgang"]
[Result "1/2-1/2"]
[WhiteElo "1943"]
[BlackElo "1551"]
[PlyCount "99"]
[EventDate "2013.??.??"]
[WhiteTeam "SK Marburg 1931/72"]
[BlackTeam "Bad Vilbeler Sfr.1985"]

1. e4 e5 2. Nf3 d6 3. d4 Nc6 4. Nc3 Bd7 5. Bb5 exd4 6. Nxd4 Nxd4 7. Bxd7+ Qxd7
8. Qxd4 Ne7 9. Be3 Nc6 10. Qd2 Be7 11. O-O O-O 12. Nd5 Ne5 13. b3 Nc6 14. Rad1
Qd8 15. Qc3 Rc8 16. f4 f6 17. Qc4 Kh8 18. Qb5 Rb8 19. Qe2 Rc8 20. Rf3 Rf7 21.
Qb5 Rb8 22. Qc4 Rf8 23. Rh3 Rc8 24. Qe2 Qe8 25. a3 a6 26. Bc1 Bd8 27. Re1 Qf7
28. Qg4 Ne7 29. Qh4 Qg8 30. Bb2 Nxd5 31. exd5 c6 32. dxc6 Rxc6 33. Re2 d5 34.
Qe1 Bb6+ 35. Kh1 Rfc8 36. Qd1 h6 37. Rd3 Rd8 38. Re7 Bc7 39. f5 Qf8 40. Rde3
Bb6 41. Re2 Rc7 42. R7e6 Rc6 43. Re7 Rc7 44. Qe1 Rxe7 45. Rxe7 Bc5 46. Re6 Bxa3
47. Bxa3 Qxa3 48. Re8+ Rxe8 49. Qxe8+ Kh7 50. Qg6+ 1/2-1/2

[Event "Frankfurt Ch 2013"]
[Site "Ffm-Kalbach, LAZ"]
[Date "2013.04.29"]
[Round "1.36"]
[White "Willenbring, Jens-Dirk"]
[Black "Tierling, Detlef"]
[Result "0-1"]
[WhiteElo "1551"]
[BlackElo "1941"]
[PlyCount "64"]
[EventDate "2013.??.??"]
[WhiteTeam "Bad Vilbeler Sfr.1985"]
[BlackTeam "SC Groß-Umstadt"]

1. d4 Nf6 2. c4 c5 3. Nf3 cxd4 4. Nxd4 g6 5. b3 Bg7 6. Bb2 O-O 7. e3 d6 8. Be2
Nc6 9. Nxc6 bxc6 10. Bf3 Bb7 11. O-O Qc7 12. Nd2 Rfd8 13. Qc2 Rac8 14. Rac1 e5
15. Ne4 Ne8 16. Nd2 Qe7 17. e4 d5 18. exd5 cxd5 19. Qb1 e4 20. Bxg7 Nxg7 21.
Be2 d4 22. Rfe1 f5 23. Qb2 Ne6 24. Bf1 Qg5 25. Nb1 Nf4 26. Qd2 Qg4 27. Kh1 e3
28. fxe3 dxe3 29. Qc2 Rd2 30. Nxd2 Bxg2+ 31. Kg1 Be4+ 32. Bg2 Qxg2# 0-1

[Event "Frankfurt Ch 2013"]
[Site "Ffm-Kalbach, LAZ"]
[Date "2013.04.29"]
[Round "1.37"]
[White "Hierling, Stefan"]
[Black "Lanz, Jürgen"]
[Result "1-0"]
[WhiteElo "1940"]
[BlackElo "1549"]
[PlyCount "51"]
[EventDate "2013.??.??"]
[WhiteTeam "VSG 1880 Offenbach"]
[BlackTeam "SC 1979 Hattersheim"]

1. e4 e5 2. Nc3 Nf6 3. Bc4 c6 4. Nf3 d5 5. exd5 e4 6. Nd4 cxd5 7. Bb5+ Bd7 8.
Bxd7+ Qxd7 9. d3 Bb4 10. Bd2 exd3 11. cxd3 O-O 12. O-O a6 13. Bg5 Be7 14. Qf3
h6 15. Bh4 Nc6 16. Nf5 g5 17. Nxh6+ Kh7 18. Bxg5 Nd4 19. Qf4 Nh5 20. Qxd4 Bxg5
21. Qg4 Qxg4 22. Nxg4 f5 23. Ne5 d4 24. Na4 Bf4 25. Nf3 Rac8 26. Nxd4 1-0

[Event "Frankfurt Ch 2013"]
[Site "Ffm-Kalbach, LAZ"]
[Date "2013.04.29"]
[Round "1.38"]
[White "Gottschlich, Alexander"]
[Black "Schmitt, Roland"]
[Result "0-1"]
[WhiteElo "1524"]
[BlackElo "1934"]
[PlyCount "94"]
[EventDate "2013.??.??"]
[WhiteTeam "SV 1920 Hofheim"]
[BlackTeam "SK Großsachsen"]

1. e4 c5 2. Nf3 d6 3. d4 cxd4 4. Nxd4 Nf6 5. Nc3 g6 6. f3 Bg7 7. Be3 O-O 8. Qd2
Nc6 9. Bc4 Bd7 10. O-O-O Ne5 11. Bb3 Qa5 12. h4 Rfc8 13. g4 Nc4 14. Bxc4 Rxc4
15. Nb3 Qa6 16. Bd4 Rac8 17. g5 Nh5 18. Bxg7 Nxg7 19. Qe3 b5 20. Kb1 Be6 21.
Rh2 Rxc3 22. bxc3 Qa3 23. Rd3 Bc4 24. Rd1 Ne6 25. f4 Nc5 26. Nxc5 Bxa2+ 27. Ka1
Rxc5 28. Qc1 Qa5 29. Qb2 Bd5+ 30. Kb1 Bxe4 31. Qb4 Qxb4+ 32. cxb4 Rc4 33. Kb2
Rxb4+ 34. Kc3 Rc4+ 35. Kb3 a5 36. c3 a4+ 37. Kb2 Rc5 38. Rd4 Bd5 39. Rc2 e5 40.
fxe5 dxe5 41. Rd3 Kg7 42. Rcd2 Bc4 43. Rd7 Be6 44. Rd8 h6 45. gxh6+ Kxh6 46.
Rh8+ Kg7 47. Rdd8 e4 0-1

[Event "Frankfurt Ch 2013"]
[Site "Ffm-Kalbach, LAZ"]
[Date "2013.04.29"]
[Round "1.39"]
[White "Göbel, Andreas"]
[Black "Heun, Andreas"]
[Result "1-0"]
[WhiteElo "1932"]
[BlackElo "1519"]
[PlyCount "79"]
[EventDate "2013.??.??"]
[WhiteTeam "SC Brett vor'm Kopp Ffm"]
[BlackTeam "SC Ladja Roßdorf"]

1. Nf3 c5 2. g3 Nc6 3. Bg2 g6 4. d3 Bg7 5. c3 Nf6 6. O-O O-O 7. Qa4 d6 8. Qh4
Rb8 9. Bg5 Bd7 10. Nbd2 b5 11. Rad1 b4 12. c4 Qa5 13. b3 Rfe8 14. Rc1 Qd8 15.
e4 Qc8 16. h3 Rb6 17. Rc2 Ra6 18. Re1 Ra5 19. Nf1 Qa6 20. Ree2 Qc8 21. Ne3 Nd4
22. Nxd4 cxd4 23. Nd5 Nxd5 24. exd5 f6 25. Bh6 Bf5 26. Bxg7 Kxg7 27. Rcd2 g5
28. Qxd4 Bxh3 29. Bxh3 Qxh3 30. Re6 Kf7 31. Rde2 Qf5 32. Qe3 h5 33. Rxe7+ Rxe7
34. Qxe7+ Kg6 35. Qe8+ Kh6 36. Qf8+ Kg6 37. Qg8+ Kh6 38. Re7 Qxf2+ 39. Kxf2
Rxa2+ 40. Ke3 1-0

[Event "Frankfurt Ch 2013"]
[Site "Ffm-Kalbach, LAZ"]
[Date "2013.04.29"]
[Round "1.40"]
[White "Richter, Wolfram"]
[Black "Ochmann, Reimund"]
[Result "0-1"]
[WhiteElo "1519"]
[BlackElo "1932"]
[PlyCount "110"]
[EventDate "2013.??.??"]
[WhiteTeam "SK Bad Sooden-Allendorf"]
[BlackTeam "SK Langen"]

1. c4 c6 2. Nc3 Nf6 3. g3 d5 4. cxd5 cxd5 5. Bg2 e5 6. d3 Nc6 7. Bg5 Bc5 8. Nf3
Be6 9. Rc1 Bb6 10. O-O O-O 11. Na4 Bc7 12. a3 h6 13. Bd2 e4 14. Ne1 Re8 15. Nc5
Bc8 16. dxe4 dxe4 17. Rc4 Ne5 18. Rc2 Bb6 19. Qc1 Bf5 20. Bh1 e3 21. Bxe3 Bxc2
22. Nxc2 Bxc5 23. Bxc5 Nc6 24. Rd1 Qc8 25. Bf3 Qh3 26. Ne3 Rac8 27. Qb1 b6 28.
Bd6 Red8 29. b4 Qe6 30. Nf5 Ne8 31. Bd5 Qf6 32. Bf4 Ne7 33. e4 Nxf5 34. exf5
Nc7 35. Bf3 Nb5 36. Re1 Nxa3 37. Qe4 Nc2 38. Be5 Qe7 39. f6 Qxb4 40. Qxb4 Nxb4
41. Be4 g6 42. Rb1 a5 43. Kg2 Re8 44. f4 Red8 45. Kh3 Rd2 46. g4 g5 47. fxg5
hxg5 48. Kg3 Re8 49. Bc3 Ra2 50. Bf3 Re3 51. Bd4 Re6 52. h4 Rd6 53. Be3 gxh4+
54. Kxh4 Rd3 55. Re1 Nc2 0-1

[Event "Frankfurt Ch 2013"]
[Site "Ffm-Kalbach, LAZ"]
[Date "2013.04.29"]
[Round "1.41"]
[White "Pauly, Markus"]
[Black "Kirschner, Matthias"]
[Result "1-0"]
[WhiteElo "1930"]
[BlackElo "1517"]
[PlyCount "109"]
[EventDate "2013.??.??"]
[WhiteTeam "Sfr.Erbach"]
[BlackTeam "SV 1997 Nauheim"]

1. c4 d6 2. g3 e5 3. Bg2 Be7 4. Nc3 Nf6 5. e4 Nbd7 6. Nge2 O-O 7. O-O a5 8. d4
exd4 9. Nxd4 Nc5 10. h3 Bd7 11. Be3 Qc8 12. Kh2 c6 13. f4 Rd8 14. Rc1 Qc7 15.
b3 Rac8 16. Qe2 Re8 17. Nc2 b6 18. Rfe1 Qb8 19. Rcd1 Rcd8 20. Bf2 Qc7 21. g4
Bc8 22. Bg3 Bf8 23. Qf3 Bb7 24. g5 Nfd7 25. Ne3 g6 26. Ng4 Bg7 27. Rd2 f5 28.
gxf6 Nxf6 29. Nxf6+ Bxf6 30. Red1 Bxc3 31. Qxc3 Rxe4 32. f5 Ree8 33. fxg6 hxg6
34. Rxd6 Rxd6 35. Rxd6 Kh7 36. Qf6 Qg7 37. Qh4+ Qh6 38. Qf6 Qg7 39. Qh4+ Qh6
40. Qg4 Bc8 41. Qf3 Bf5 42. Rd4 Re4 43. Rxe4 Nxe4 44. Bf4 Qh4 45. Bc7 Qf6 46.
Bxb6 Qe5+ 47. Kg1 Qa1+ 48. Qf1 Qxa2 49. Bxe4 Qxb3 50. Bd4 Qg3+ 51. Bg2 Bxh3 52.
Qf7+ Kh6 53. Qf8+ Kg5 54. Qf6+ Kh5 55. Qh8+ 1-0

[Event "Frankfurt Ch 2013"]
[Site "Ffm-Kalbach, LAZ"]
[Date "2013.04.29"]
[Round "1.42"]
[White "Popp, Matthias"]
[Black "Kolker, Vladislav"]
[Result "1-0"]
[WhiteElo "1514"]
[BlackElo "1926"]
[PlyCount "39"]
[EventDate "2013.??.??"]
[WhiteTeam "SC Bergen-Enkheim 1922"]
[BlackTeam "SC Bad Nauheim"]

1. d4 Nf6 2. Nf3 g6 3. Bf4 Bg7 4. e3 d6 5. Bc4 O-O 6. Nbd2 Nbd7 7. c3 a6 8. Qb3
h6 9. Bd3 Kh8 10. h3 Qe8 11. g4 e5 12. dxe5 dxe5 13. Bxh6 Bxh6 14. g5 Nc5 15.
Qc4 Nxd3+ 16. Qxd3 e4 17. Qd4 exf3 18. gxf6 Bf5 19. Nxf3 Rd8 20. Qh4 1-0

[Event "Frankfurt Ch 2013"]
[Site "Ffm-Kalbach, LAZ"]
[Date "2013.04.29"]
[Round "1.43"]
[White "Roggensack, Hans Peter"]
[Black "Midanka, Vladimir"]
[Result "1-0"]
[WhiteElo "1924"]
[BlackElo "1509"]
[PlyCount "63"]
[EventDate "2013.??.??"]
[WhiteTeam "Sfr. Frankfurt 1921"]
[BlackTeam "vereinslos"]

1. e4 d6 2. d4 g6 3. Nc3 Bg7 4. Be3 Nf6 5. Qd2 Ng4 6. Bg5 Qd7 7. f3 Nf6 8. Bh6
O-O 9. h4 e5 10. Nge2 Kh8 11. h5 Ng8 12. Bxg7+ Kxg7 13. g4 c6 14. a4 Qe7 15.
O-O-O Na6 16. Ng3 h6 17. Bxa6 bxa6 18. dxe5 dxe5 19. Qd6 Qxd6 20. Rxd6 Ne7 21.
Rhd1 Be6 22. hxg6 Kxg6 23. Nf5 Nc8 24. Rxc6 a5 25. Nb5 Rb8 26. Nc7 Rb6 27. Nxe6
fxe6 28. Rxc8 Rf7 29. Ne3 Rxf3 30. Nc4 Rf4 31. Nxe5+ Kg5 32. Rg8+ 1-0

[Event "Frankfurt Ch 2013"]
[Site "Ffm-Kalbach, LAZ"]
[Date "2013.04.29"]
[Round "1.44"]
[White "Weber, Samuel"]
[Black "Seickel, Ralf"]
[Result "0-1"]
[WhiteElo "1504"]
[BlackElo "1921"]
[PlyCount "76"]
[EventDate "2013.??.??"]
[WhiteTeam "SC Flörsheim 1921"]
[BlackTeam "vereinslos"]

1. d4 Nf6 2. Nf3 g6 3. g3 Bg7 4. Bg2 O-O 5. O-O d6 6. c4 Nc6 7. Nc3 a6 8. e4
Rb8 9. Qe2 Bg4 10. Be3 e5 11. dxe5 Nxe5 12. Rfd1 b5 13. c5 b4 14. Na4 Qe8 15.
b3 Nxf3+ 16. Bxf3 Bxf3 17. Qxf3 Qxe4 18. Qxe4 Nxe4 19. Rac1 Rfd8 20. cxd6 cxd6
21. Rc6 d5 22. Bf4 Rb5 23. Rdc1 Nc3 24. Kh1 d4 25. Nb2 h5 26. Nd3 a5 27. Re1
Nxa2 28. h4 Nc3 29. Bg5 Ra8 30. Re7 Rf5 31. Nf4 Nd5 32. Nxd5 Rxd5 33. Rcc7 d3
34. Rxf7 Bc3 35. Rfd7 Rxd7 36. Rxd7 a4 37. bxa4 b3 38. Rb7 b2 0-1

[Event "Frankfurt Ch 2013"]
[Site "Ffm-Kalbach, LAZ"]
[Date "2013.04.29"]
[Round "1.45"]
[White "Klyszcz, Michael"]
[Black "Panosch, Walter"]
[Result "1-0"]
[WhiteElo "1895"]
[BlackElo "1503"]
[PlyCount "51"]
[EventDate "2013.??.??"]
[WhiteTeam "SG 1871 Löberitz"]
[BlackTeam "SC Matt im Park Ffm"]

1. e4 c5 2. Nf3 d6 3. c3 Nf6 4. Be2 e5 5. O-O Nc6 6. d4 a6 7. d5 Nb8 8. Nbd2
Be7 9. a4 Bg4 10. h3 Bh5 11. a5 Nbd7 12. Re1 h6 13. Qb3 Rb8 14. Qa4 Nh7 15.
Nxe5 Bxe2 16. Qxd7+ Qxd7 17. Nxd7 Kxd7 18. Rxe2 Bf6 19. Nc4 Rhe8 20. Bd2 g5 21.
Rf1 Bg7 22. f4 Nf6 23. fxg5 Nxe4 24. Rxf7+ Re7 25. Rxe7+ Kxe7 26. Rxe4+ 1-0

[Event "Frankfurt Ch 2013"]
[Site "Ffm-Kalbach, LAZ"]
[Date "2013.04.29"]
[Round "1.46"]
[White "Mußler, Thomas"]
[Black "Crnjac, Zdravko"]
[Result "0-1"]
[WhiteElo "1894"]
[BlackElo "1478"]
[PlyCount "68"]
[EventDate "2013.??.??"]
[WhiteTeam "TSG Nieder-Erlenbach 1888"]
[BlackTeam "SC Flörsheim 1921"]

1. e4 e5 2. d4 exd4 3. Qxd4 b6 4. Nc3 Bb7 5. Bd2 Nc6 6. Qe3 Bc5 7. Qg3 Qf6 8.
O-O-O Bd6 9. f4 Qg6 10. Qxg6 hxg6 11. Nf3 f6 12. Nb5 O-O-O 13. Nxd6+ cxd6 14.
Bc3 Kc7 15. e5 dxe5 16. fxe5 Rh5 17. exf6 gxf6 18. Bd3 Nce7 19. Rd2 Nf5 20. Re2
Bxf3 21. gxf3 Ng3 22. hxg3 Rxh1+ 23. Kd2 f5 24. g4 fxg4 25. fxg4 g5 26. Re5 Nh6
27. Rxg5 Rg1 28. Bg7 Rg2+ 29. Be2 Re8 30. Re5 Rxe5 31. Bxe5+ d6 32. Bf4 Nxg4
33. a4 Nf6 34. c4 Nh5 0-1

[Event "Frankfurt Ch 2013"]
[Site "Ffm-Kalbach, LAZ"]
[Date "2013.04.29"]
[Round "1.47"]
[White "Dürmeier, Roland"]
[Black "Hartmann, Stephan"]
[Result "1-0"]
[WhiteElo "1891"]
[BlackElo "1471"]
[PlyCount "39"]
[EventDate "2013.??.??"]
[WhiteTeam "SG Wächtersbach/Sotzbach"]
[BlackTeam "SG Turm Idstein"]

1. c4 e5 2. Nc3 Bb4 3. g3 Bxc3 4. bxc3 c5 5. Bg2 Nc6 6. d3 Nf6 7. Nf3 d6 8. O-O
O-O 9. Rb1 Rb8 10. Bg5 h6 11. Bd2 Bd7 12. Nh4 Re8 13. e4 Qc8 14. f4 Bg4 15. Qe1
exf4 16. gxf4 Bh3 17. Qg3 Bxg2 18. Nf5 Nh5 19. Qxg2 Kh7 20. Nxd6 1-0

[Event "Frankfurt Ch 2013"]
[Site "Ffm-Kalbach, LAZ"]
[Date "2013.04.29"]
[Round "1.49"]
[White "Zimmer, Gerald"]
[Black "Paaßen, Klaus"]
[Result "1/2-1/2"]
[WhiteElo "1882"]
[BlackElo "1439"]
[PlyCount "73"]
[EventDate "2013.??.??"]
[WhiteTeam "SC Bergen-Enkheim 1922"]
[BlackTeam "SV 1926 Fechenheim"]

1. d4 d5 2. g3 e6 3. Bg2 Nf6 4. Nf3 Nbd7 5. c4 c6 6. Nbd2 Be7 7. O-O O-O 8. Qc2
Re8 9. b3 b6 10. Bb2 Ba6 11. e4 dxe4 12. Nxe4 Nxe4 13. Qxe4 Rc8 14. Rfd1 Qc7
15. Rac1 Nf6 16. Qc2 Bb7 17. Ne5 Bd6 18. Qe2 Bxe5 19. Qxe5 Qe7 20. d5 cxd5 21.
cxd5 Rxc1 22. Rxc1 exd5 23. Qc7 Qxc7 24. Rxc7 Re1+ 25. Bf1 Ba6 26. Rc1 Rxc1 27.
Bxc1 Bxf1 28. Kxf1 b5 29. Ke2 Ng4 30. h3 Ne5 31. Ke3 Nc6 32. Ba3 f6 33. Bc5 a6
34. g4 Kf7 35. h4 g6 36. a4 Ke6 37. h5 1/2-1/2

[Event "Frankfurt Ch 2013"]
[Site "Ffm-Kalbach, LAZ"]
[Date "2013.04.29"]
[Round "1.50"]
[White "Lehmann, Gerit"]
[Black "Gutacker, Stephan"]
[Result "0-1"]
[WhiteElo "1437"]
[BlackElo "1873"]
[PlyCount "44"]
[EventDate "2013.??.??"]
[WhiteTeam "Sfr. Frankfurt 1921"]
[BlackTeam "Sfr.1932 Kelkheim"]

1. d4 Nf6 2. Nf3 d5 3. Bf4 e6 4. e3 Bd6 5. Bxd6 Qxd6 6. c4 dxc4 7. Nc3 Qb4 8.
Qa4+ Qxa4 9. Nxa4 b5 10. Nc5 Nbd7 11. Nxd7 Bxd7 12. Ne5 a6 13. Nxd7 Kxd7 14. a4
c6 15. axb5 axb5 16. Rxa8 Rxa8 17. Be2 Ra1+ 18. Bd1 Rb1 19. b3 cxb3 20. O-O Ne4
21. Bf3 Rxf1+ 22. Kxf1 Nd2+ 0-1

[Event "Frankfurt Ch 2013"]
[Site "Ffm-Kalbach, LAZ"]
[Date "2013.04.29"]
[Round "1.51"]
[White "Lebermann, Hellmuth"]
[Black "Stulken, Dietmar"]
[Result "1/2-1/2"]
[WhiteElo "1858"]
[BlackElo "1427"]
[PlyCount "56"]
[EventDate "2013.??.??"]
[WhiteTeam "SK Bad Homburg 1927"]
[BlackTeam "Sfr. Frankfurt 1921"]

1. e4 e5 2. d4 exd4 3. Nf3 c5 4. Bc4 b5 5. Bd5 Nc6 6. Ne5 Nxe5 7. Bxa8 Nf6 8.
O-O Be7 9. f4 Nc6 10. e5 Nd5 11. c3 Nb6 12. Bxc6 dxc6 13. Qf3 Nd5 14. Kh1 O-O
15. Rd1 f6 16. cxd4 cxd4 17. Qe2 fxe5 18. fxe5 Qb6 19. Rf1 Rxf1+ 20. Qxf1 a6
21. Qf3 Be6 22. Nd2 Qc7 23. Qg3 Ne3 24. Ne4 Nf5 25. Qf4 Qd8 26. Bd2 c5 27. Ng3
Nh4 28. Ne4 Nf5 1/2-1/2

[Event "Frankfurt Ch 2013"]
[Site "Ffm-Kalbach, LAZ"]
[Date "2013.04.29"]
[Round "1.52"]
[White "Mayer, Andreas"]
[Black "Zimpfer, Andreas"]
[Result "0-1"]
[WhiteElo "1406"]
[BlackElo "1837"]
[PlyCount "74"]
[EventDate "2013.??.??"]
[WhiteTeam "Sfr. Frankfurt 1921"]
[BlackTeam "SC Butzbach 2000"]

1. c4 e5 2. Nc3 g6 3. g3 Bg7 4. Bg2 Ne7 5. Nf3 O-O 6. d3 Nbc6 7. Bg5 f6 8. Be3
Nf5 9. Qd2 Nxe3 10. Qxe3 Nb4 11. Qd2 f5 12. O-O c6 13. Rab1 d5 14. a3 Na6 15.
cxd5 cxd5 16. b4 e4 17. Ne1 Be6 18. d4 g5 19. e3 f4 20. exf4 gxf4 21. f3 e3 22.
Qd1 Rc8 23. Ne2 fxg3 24. hxg3 Bf5 25. Rc1 Nc7 26. Qb3 Re8 27. Rc3 Nb5 28. Rxc8
Bxc8 29. Nc2 Bf5 30. Rd1 Bxc2 31. Qxc2 Qd7 32. Qb3 Nxd4 33. Nxd4 Bxd4 34. Rxd4
e2 35. Rg4+ Qxg4 36. Qxd5+ Qe6 37. Qg5+ Kh8 0-1

[Event "Frankfurt Ch 2013"]
[Site "Ffm-Kalbach, LAZ"]
[Date "2013.04.29"]
[Round "1.53"]
[White "Thomele, Michael"]
[Black "Friedel, Thomas"]
[Result "1-0"]
[WhiteElo "1828"]
[BlackElo "1405"]
[PlyCount "41"]
[EventDate "2013.??.??"]
[WhiteTeam "SC 1959 Obernau"]
[BlackTeam "SV 1946 Groß-Gerau"]

1. e4 e5 2. Nf3 Nc6 3. Nc3 Nf6 4. d4 exd4 5. Nxd4 Ne5 6. Bf4 d6 7. Qd2 Be7 8.
f3 Be6 9. Nxe6 fxe6 10. O-O-O Ng6 11. Be3 e5 12. h4 Nh5 13. Bc4 Ngf4 14. Bxf4
Nxf4 15. g3 Ng6 16. Qd5 Rf8 17. Qxb7 Rxf3 18. Qc6+ Kf8 19. Qd5 Ke8 20. Rhf1
Rxf1 21. Rxf1 1-0

[Event "Frankfurt Ch 2013"]
[Site "Ffm-Kalbach, LAZ"]
[Date "2013.04.29"]
[Round "1.54"]
[White "Lessmann, Sven"]
[Black "Larem, Peter"]
[Result "0-1"]
[WhiteElo "1371"]
[BlackElo "1826"]
[PlyCount "64"]
[EventDate "2013.??.??"]
[WhiteTeam "SC Bad Soden"]
[BlackTeam "SSG Rödermark/Eppertshausen"]

1. d4 Nf6 2. c4 c5 3. d5 b5 4. Nd2 bxc4 5. Nxc4 d6 6. f3 g6 7. e4 Bg7 8. Bd2
O-O 9. Bd3 Ba6 10. Ne2 Qc8 11. Rc1 Nbd7 12. b4 Bxc4 13. Bxc4 Rb8 14. Bb3 Qb7
15. a3 a5 16. Ba2 axb4 17. Rb1 Qa7 18. a4 Ne5 19. Be3 Qa6 20. O-O Rfc8 21. f4
Neg4 22. Bc1 Nxe4 23. f5 Ne5 24. fxg6 hxg6 25. Rf4 Nf6 26. Rh4 c4 27. Bh6 b3
28. Bxb3 cxb3 29. Nd4 b2 30. Bxg7 Kxg7 31. Qe1 Qd3 32. a5 Qxb1 0-1

[Event "Frankfurt Ch 2013"]
[Site "Ffm-Kalbach, LAZ"]
[Date "2013.04.29"]
[Round "1.55"]
[White "Hilbenz, Guntram"]
[Black "Bernhardt, Winfried"]
[Result "1-0"]
[WhiteElo "1824"]
[BlackElo "1359"]
[PlyCount "105"]
[EventDate "2013.??.??"]
[WhiteTeam "SC Bad Nauheim"]
[BlackTeam "SV 1997 Nauheim"]

1. c4 d6 2. g3 Nf6 3. Bg2 c6 4. Nc3 e6 5. Nf3 Be7 6. d4 h6 7. O-O Nbd7 8. e4
Qc7 9. h3 Nh7 10. Be3 Qa5 11. Nd2 Rb8 12. Rb1 O-O 13. b4 Qd8 14. f4 a5 15. a3
b5 16. d5 exd5 17. cxd5 c5 18. bxc5 Nxc5 19. Nxb5 Ba6 20. Bxc5 Bxb5 21. Ba7 Rb7
22. Rf3 Qa8 23. Bd4 Rfb8 24. Rfb3 Nf8 25. R3b2 Bd3 26. Rxb7 Rxb7 27. Rxb7 Qxb7
28. Qb3 Qa6 29. Qb6 Qa8 30. Bf1 Bc2 31. Bb5 Qd8 32. Qxd8 Bxd8 33. Kf2 a4 34.
Ke3 Ng6 35. Nc4 Bc7 36. Nb2 Ne7 37. Bxa4 Bxa4 38. Nxa4 f5 39. Bb6 Bb8 40. Bd8
Nc8 41. Nc3 Ba7+ 42. Kf3 g6 43. Nb5 Bc5 44. e5 Kf7 45. e6+ Ke8 46. Bc7 Ke7 47.
a4 Nb6 48. Bxb6 Bxb6 49. g4 h5 50. gxf5 gxf5 51. Na3 Bc5 52. Nc4 Kd8 53. Ne3
1-0